000 00439ntaaa2200181 4500
003 01
005 20251027202715.0
008 0714s1973 ag 01
040 _aAR-BaBN
_bspa
_cAR-BaBN
_eaacr
_dRIC
082 _a572.0000 L63
100 _aLinton, Ralph
245 _aEstudio del hombre
250 _a1 ed.
260 _aMéxico :
_bFondo de Cultura Economica,
_cc1956
300 _a483 p
650 _aantropologĂ­a
_95885
942 _cBK
999 _c22267
_d22267